| 000 | 00662nam a22001937a 4500 | ||
|---|---|---|---|
| 999 |
_c332521 _d332521 |
||
| 003 | NUST | ||
| 005 | 20171212093830.0 | ||
| 008 | 171212b xxu||||| |||| 00| 0 eng d | ||
| 020 | _a9788130915838 | ||
| 040 | _c0 | ||
| 082 | _a551 KUS | ||
| 100 |
_aKusky,Timothy _97163 |
||
| 245 |
_aEncyclopedia of the Hazardous earth FLOODS: _bhazards of surface and groundwater systems _cTimothy Kusky |
||
| 260 |
_aNew Delhi _bViva Books _c2012. |
||
| 300 | _a144p. | ||
| 500 | _aH.B | ||
| 942 |
_2ddc _cBK _kIESE |
||